Teacher don't teach me nonsense

Saved in:
Bibliographic Details
Main Author: Fela, 1938-
Format: Audio
Language:Creoles
Published: West Germany : Barclay, p1986.
Subjects:
Tags: Add Tag
No Tags, Be the first to tag this record!
LEADER 01069njm a2200301 a 4500
001 005705901-2
005 20020606163548.3
008 950622s1986 gw ppnn d | crp d
024 1 |a 4228313252 
028 0 2 |a 831 325-2  |b Barclay 
035 0 |a ocm33153798 
041 0 |d crp  |e crp 
100 0 |a Fela,  |d 1938- 
245 1 0 |a Teacher don't teach me nonsense  |h [sound recording] /  |c Fela Anikulapo Kuti. 
246 1 |i Additional title on container:  |a Fela. 
260 |a West Germany :  |b Barclay,  |c p1986. 
300 |a 1 sound disc :  |b digital ;  |c 4 3/4 in. 
500 |a Compact disc. 
500 |a Title from container insert. 
546 |a Sung in pidgin English. 
511 0 |a Words and music by Fela Anikulapo Kuti ; the composer, tenor saxophone, with vocalists and instrumental ensemble. 
518 |a Recorded at Davout Studio. 
500 |a Texts of songs on container insert. 
505 0 |a Teacher don't teach me nonsense (25:45) -- Look and laugh (30:47) 
650 0 |a Popular music  |z Nigeria. 
650 0 |a Protest songs  |z Nigeria. 
988 |a 20020608 
906 |0 MH